Recollections of the late William Beckford : (Record no. 248064)
[ view plain ]
| 000 -LEADER | |
|---|---|
| fixed length control field | 01374cam a22003613a 4500 |
| 001 - CONTROL NUMBER | |
| control field | 18809 |
| 003 - CONTROL NUMBER IDENTIFIER | |
| control field | PGUSA |
| 005 - DATE AND TIME OF LATEST TRANSACTION | |
| control field | 20140828083411.0 |
| 008 - FIXED-LENGTH DATA ELEMENTS--GENERAL INFORMATION | |
| fixed length control field | 060712s2006||||xxu|||||s|||||000 | eng d |
| 040 ## - CATALOGING SOURCE | |
| Original cataloging agency | PGUSA |
| Language of cataloging | eng |
| 042 ## - AUTHENTICATION CODE | |
| Authentication code | dc |
| 050 #4 - LIBRARY OF CONGRESS CALL NUMBER | |
| Classification number | PR |
| 100 1# - MAIN ENTRY--PERSONAL NAME | |
| Personal name | Lansdown, Henry Venn |
| 245 10 - TITLE STATEMENT | |
| Title | Recollections of the late William Beckford : |
| Remainder of title | of Fonthill, Wilts and Lansdown, Bath |
| Medium | [electronic resource] / |
| Statement of responsibility, etc | Henry Venn Lansdown |
| 260 ## - PUBLICATION, DISTRIBUTION, ETC. (IMPRINT) | |
| Name of publisher, distributor, etc | Project Gutenberg, |
| Date of publication, distribution, etc | 2006 |
| 506 ## - RESTRICTIONS ON ACCESS NOTE | |
| Terms governing access | Public domain in the USA. |
| 516 ## - TYPE OF COMPUTER FILE OR DATA NOTE | |
| Type of computer file or data note | Electronic text |
| 653 ## - INDEX TERM--UNCONTROLLED | |
| Uncontrolled term | Wiltshire (England) -- Biography |
| 653 ## - INDEX TERM--UNCONTROLLED | |
| Uncontrolled term | Beckford, William, 1760-1844 |
| 653 ## - INDEX TERM--UNCONTROLLED | |
| Uncontrolled term | Authors, English -- Homes and haunts -- England -- Wiltshire |
| 653 ## - INDEX TERM--UNCONTROLLED | |
| Uncontrolled term | Travelers -- Great Britain -- Biography |
| 653 ## - INDEX TERM--UNCONTROLLED | |
| Uncontrolled term | Wiltshire (England) -- Intellectual life |
| 653 ## - INDEX TERM--UNCONTROLLED | |
| Uncontrolled term | Art -- Collectors and collecting -- Great Britain -- Biography |
| 653 ## - INDEX TERM--UNCONTROLLED | |
| Uncontrolled term | Eccentrics and eccentricities -- Great Britain -- Biography |
| 653 ## - INDEX TERM--UNCONTROLLED | |
| Uncontrolled term | Beckford, William, 1760-1844 -- Homes and haunts -- England -- Wiltshire |
| 653 ## - INDEX TERM--UNCONTROLLED | |
| Uncontrolled term | Bath (England) -- Intellectual life |
| 653 ## - INDEX TERM--UNCONTROLLED | |
| Uncontrolled term | Bath (England) -- Biography |
| 653 ## - INDEX TERM--UNCONTROLLED | |
| Uncontrolled term | Authors, English -- 18th century -- Biography |
| 700 1# - ADDED ENTRY--PERSONAL NAME | |
| Personal name | Lansdown, Charlotte |
| 830 #0 - SERIES ADDED ENTRY--UNIFORM TITLE | |
| Uniform title | Project Gutenberg |
| Volume number/sequential designation | 18809 |
| 856 40 - ELECTRONIC LOCATION AND ACCESS | |
| Uniform Resource Identifier | <a href="http://www.gutenberg.org/ebooks/18809">http://www.gutenberg.org/ebooks/18809</a> |
| 942 ## - ADDED ENTRY ELEMENTS (KOHA) | |
| Koha item type | eBooks |
| Withdrawn status | Lost status | Damaged status | Home library | Current library | Date acquired | Total Checkouts | Date last seen | Price effective from | Koha item type |
|---|---|---|---|---|---|---|---|---|---|
| Project Gutenberg | Project Gutenberg | 08/28/2014 | 08/28/2014 | 08/28/2014 | eBooks |